000 00226 a2200097 4500
001 37972
100 _aShahnawer A
245 _aA rendezvous with destiny
260 _aKarachi
_bFast Line Print
_c1994
090 _c24151
_d24151
942 _aNUST-CAE
_cM
_c15727
999 _c273045
_d273045